00358nam a2200133Ia 4500008004100000100004400041245003300085250001200118260005000130300000800180650001200188942000700200999001700207190216s9999||||xx |||||||||||||| ||und|| aAlbert Paul Malvino And Jerald A. Brown 0aDigital Computer Electronics a3rd Ed. bTata Mcgraw Hill Publishing Company Ltdc1997 a522 aPhysics cBK c33348d33348